[Event "Ruhrgebiet Verbandsklasse Gruppe 2 1617"]
[Site "Germany"]
[Date "2017.04.30"]
[Round "9.8"]
[White "Kaiser, Thomas"]
[Black "Zadow, Ralf"]
[Result "1-0"]
[WhiteElo "2029"]
[BlackElo "1817"]
[PlyCount "81"]
[EventDate "2016.09.04"]
[EventType "team-tourn"]
[EventRounds "9"]
[EventCountry "GER"]
[SourceTitle "EXT 2022"]
[Source "ChessBase"]
[SourceDate "2021.10.06"]
[SourceVersion "1"]
[SourceVersionDate "2021.10.06"]
[SourceQuality "1"]
[WhiteTeam "Buer SF"]
[BlackTeam "Annen Sport Union"]
[WhiteTeamCountry "GER"]
[BlackTeamCountry "GER"]

1. c4 Nf6 2. g3 g6 3. Bg2 Bg7 4. Nc3 0-0 5. e4 d6 6. Nge2 c5 7. 0-0 Na6 8. d3 Nc7 9. a3 Rb8 10. Rb1 b5 11. b4 cxb4 12. axb4 bxc4 13. dxc4 Be6 14. Nd5 Ncxd5 15. cxd5 Bg4 16. h3 Bd7 17. Nd4 Qc8 18. Qd3 e5 19. dxe6 fxe6 20. Be3 e5 21. Rfc1 Qb7 22. Ne2 Bb5 23. Qb3+ Kh8 24. Nc3 Bd3 25. Ra1 a6 26. Rd1 Bxe4 27. Nxe4 Nxe4 28. Qd3 d5 29. Qxd5 Qxd5 30. Rxd5 Nf6 31. Rda5 Nd7 32. Rb1 Rfc8 33. Rxa6 Bf8 34. b5 Nc5 35. Rc6 Rxc6 36. Bxc6 Kg7 37. Kf1 Kf6 38. Rc1 Nb3 39. Rd1 Na5 40. Ba7 Nxc6 41. Bxb8 1-0

[Event "Ruhrgebiet Regionalliga 1314"]
[Site "Ruhrgebiet"]
[Date "2014.03.23"]
[Round "8.2"]
[White "Kaiser, Thomas"]
[Black "Brueggestrass, Volker"]
[Result "1-0"]
[WhiteElo "1990"]
[BlackElo "2008"]
[PlyCount "53"]
[EventDate "2013.09.22"]
[EventType "team-tourn"]
[EventRounds "9"]
[EventCountry "GER"]
[SourceTitle "EXT 2024"]
[Source "ChessBase"]
[SourceDate "2023.10.10"]
[SourceVersion "1"]
[SourceVersionDate "2023.10.10"]
[SourceQuality "1"]
[WhiteTeam "Buer"]
[BlackTeam "Gerthe Werne"]
[WhiteTeamCountry "GER"]
[BlackTeamCountry "GER"]

1. d4 Nf6 2. Nf3 g6 3. g3 d5 4. Bg2 Bg7 5. c4 c6 6. 0-0 0-0 7. Nc3 Ne4 8. Qb3 Nxc3 9. bxc3 dxc4 10. Qxc4 Nd7 11. Ba3 Nb6 12. Qd3 Be6 13. Nd2 Rc8 14. Rac1 Re8 15. e3 Qd7 16. c4 Bf5 17. Qb3 e5 18. e4 Qxd4 19. exf5 Qxd2 20. fxg6 hxg6 21. c5 Nd5 22. Rfd1 Qa5 23. Rxd5 cxd5 24. Bxd5 Qc7 25. Qxb7 Bf8 26. Qa6 e4 27. Qxg6+ 1-0

[Event "Ruhrgebiet Regionalliga 1314"]
[Site "Ruhrgebiet"]
[Date "2014.03.02"]
[Round "7.2"]
[White "Schroeder, Wilfried"]
[Black "Kaiser, Thomas"]
[Result "1-0"]
[WhiteElo "2107"]
[BlackElo "1990"]
[PlyCount "91"]
[EventDate "2013.09.22"]
[EventType "team-tourn"]
[EventRounds "9"]
[EventCountry "GER"]
[SourceTitle "EXT 2024"]
[Source "ChessBase"]
[SourceDate "2023.10.10"]
[SourceVersion "1"]
[SourceVersionDate "2023.10.10"]
[SourceQuality "1"]
[WhiteTeam "Wattenscheid III"]
[BlackTeam "Buer"]
[WhiteTeamCountry "GER"]
[BlackTeamCountry "GER"]

1. d4 Nf6 2. Nf3 c5 3. c4 g6 4. g3 Bg7 5. Bg2 0-0 6. 0-0 d6 7. Nc3 Nc6 8. dxc5 dxc5 9. Be3 Be6 10. Bxc5 Nd7 11. Be3 Bxc4 12. Qa4 Ba6 13. Rfd1 Qc8 14. Rac1 Nb6 15. Bxb6 Bxc3 16. Bd4 b5 17. Qb3 Bxd4 18. Nxd4 Nxd4 19. Rxc8 Nxb3 20. Rxa8 Rxa8 21. Bxa8 Nc5 22. Rc1 Na4 23. b3 Nb6 24. Bf3 Kf8 25. Rc7 Nc8 26. Bb7 Bxb7 27. Rxb7 Ke8 28. Rxb5 Kd7 29. f3 Kc6 30. Rb4 Nd6 31. Kf2 h5 32. e4 Kc7 33. h3 Kc6 34. g4 hxg4 35. hxg4 g5 36. Ke3 f6 37. Rd4 Kc7 38. b4 Nf7 39. Rc4+ Kb7 40. a4 Ne5 41. Rc5 Ng6 42. b5 Nf4 43. e5 Ng6 44. exf6 exf6 45. Rf5 Ne7 46. Ke4 1-0

[Event "Ruhrgebiet Regionalliga 1314"]
[Site "Ruhrgebiet"]
[Date "2014.01.19"]
[Round "5.1"]
[White "Roitburd, Talic"]
[Black "Kaiser, Thomas"]
[Result "1/2-1/2"]
[WhiteElo "2082"]
[BlackElo "1990"]
[PlyCount "59"]
[EventDate "2013.09.22"]
[EventType "team-tourn"]
[EventRounds "9"]
[EventCountry "GER"]
[SourceTitle "EXT 2024"]
[Source "ChessBase"]
[SourceDate "2023.10.10"]
[SourceVersion "1"]
[SourceVersionDate "2023.10.10"]
[SourceQuality "1"]
[WhiteTeam "Muelheim Nord III"]
[BlackTeam "Buer"]
[WhiteTeamCountry "GER"]
[BlackTeamCountry "GER"]

1. e4 e6 2. d3 d5 3. Nd2 Nf6 4. Ngf3 c5 5. g3 Be7 6. Bg2 0-0 7. 0-0 Nc6 8. e5 Ne8 9. Re1 b5 10. a4 Nc7 11. Nf1 Rb8 12. h4 Bd7 13. axb5 Nxb5 14. N1h2 f6 15. exf6 gxf6 16. Bh6 Rf7 17. Ng4 Kh8 18. Bf4 Nc7 19. Nh6 Rg7 20. Bc1 e5 21. c4 Be6 22. Nd2 Qe8 23. cxd5 Nxd5 24. Be4 Bf8 25. Nf5 Rg8 26. Nc4 Qd7 27. Qh5 Bf7 28. Qf3 Be6 29. Ra6 Ncb4 30. Ra5 1/2-1/2

[Event "Ruhrgebiet Verbandsliga1 1213"]
[Site "Nordrheinwestfalen"]
[Date "2012.12.02"]
[Round "4.1"]
[White "Kaiser, Thomas"]
[Black "Heinbuch, Detlef Ulrich"]
[Result "0-1"]
[WhiteElo "1996"]
[BlackElo "2208"]
[PlyCount "138"]
[EventDate "2012.09.02"]
[EventType "team-tourn"]
[EventRounds "9"]
[EventCountry "GER"]
[SourceTitle "EXT 2020"]
[Source "ChessBase"]
[SourceDate "2019.10.17"]
[SourceVersion "1"]
[SourceVersionDate "2019.10.17"]
[SourceQuality "1"]
[WhiteTeam "Buer SF"]
[BlackTeam "Bochum SV II"]
[WhiteTeamCountry "GER"]
[BlackTeamCountry "GER"]

1. e4 c5 2. Nf3 Nc6 3. d3 g6 4. g3 Bg7 5. Bg2 e6 6. 0-0 Nge7 7. Re1 0-0 8. c3 h6 9. h4 d5 10. e5 Qb6 11. Na3 Bd7 12. Qe2 Qa6 13. Bf4 Kh7 14. Nc2 b5 15. Ne3 d4 16. Ng4 Nd5 17. Qd2 dxc3 18. bxc3 Nxf4 19. Qxf4 Rad8 20. Nf6+ Kh8 21. Nh2 Ne7 22. Nhg4 Nf5 23. Be4 h5 24. Nh2 Bh6 25. Qf3 Kg7 26. g4 hxg4 27. Nhxg4 Bd2 28. h5 Rh8 29. h6+ Bxh6 30. Nxh6 Rxh6 31. Nxd7 Rxd7 32. Bxf5 gxf5 33. Kf1 b4 34. c4 Qa3 35. Rad1 Qc3 36. Re3 Rg6 37. Qe2 Qd4 38. Qf3 Rd8 39. Ree1 a5 40. Qe3 a4 41. Ke2 Qg4+ 42. Qf3 f6 43. exf6+ Kxf6 44. Qxg4 Rxg4 45. Rh1 Rdg8 46. Kd2 Rg2 47. Ke3 R2g4 48. Rh7 R4g7 49. Rhh1 Rd7 50. Rh6+ Rg6 51. Rh8 Rg4 52. Rd2 Rgg7 53. Rc8 Rc7 54. Ra8 a3 55. Ra5 Rg1 56. Rb5 Re1+ 57. Kf3 e5 58. Rb6+ Kg5 59. Re2 Rxe2 60. Kxe2 Kf4 61. Rh6 e4 62. Rh4+ Kg5 63. Rh8 exd3+ 64. Kxd3 Rd7+ 65. Kc2 Rd4 66. Kb3 Rd2 67. Rc8 Rb2+ 68. Ka4 Rxa2 69. Rxc5 Rb2 0-1

[Event "Ruhrgebiet Verbandsliga1 1112"]
[Site "Nordrheinwestfalen"]
[Date "2012.02.12"]
[Round "6.2"]
[White "Ozerov, Ilja"]
[Black "Kaiser, Thomas"]
[Result "1/2-1/2"]
[WhiteElo "2034"]
[BlackElo "2020"]
[PlyCount "39"]
[EventDate "2012.09.18"]
[EventType "team-tourn"]
[EventRounds "9"]
[EventCountry "GER"]
[SourceTitle "EXT 2020"]
[Source "ChessBase"]
[SourceDate "2019.10.17"]
[SourceVersion "1"]
[SourceVersionDate "2019.10.17"]
[SourceQuality "1"]
[WhiteTeam "Muelheim Nord III"]
[BlackTeam "Buer SF"]
[WhiteTeamCountry "GER"]
[BlackTeamCountry "GER"]

1. e4 c5 2. Nc3 d6 3. Nf3 Nf6 4. d4 cxd4 5. Nxd4 a6 6. Bg5 e6 7. f4 Be7 8. Bd3 Qc7 9. Qf3 h6 10. Bh4 Nbd7 11. 0-0-0 b5 12. Rhe1 Bb7 13. Qg3 g5 14. fxg5 Nh5 15. Qg4 hxg5 16. Bxg5 Ne5 17. Qh4 Ng6 18. Qg4 Ne5 19. Qh4 Ng6 20. Qg4 1/2-1/2

[Event "Ruhrgebiet Verbandsliga1 1112"]
[Site "Nordrheinwestfalen"]
[Date "2012.01.08"]
[Round "5.2"]
[White "Kaiser, Thomas"]
[Black "Leveikina, Jevgenija"]
[Result "1/2-1/2"]
[WhiteElo "2020"]
[BlackElo "1994"]
[PlyCount "74"]
[EventDate "2012.09.18"]
[EventType "team-tourn"]
[EventRounds "9"]
[EventCountry "GER"]
[SourceTitle "EXT 2020"]
[Source "ChessBase"]
[SourceDate "2019.10.17"]
[SourceVersion "1"]
[SourceVersionDate "2019.10.17"]
[SourceQuality "1"]
[WhiteTeam "Buer SF"]
[BlackTeam "Herne Sodingen II"]
[WhiteTeamCountry "GER"]
[BlackTeamCountry "GER"]

1. c4 c6 2. Nf3 d5 3. b3 Nf6 4. Bb2 Bf5 5. d3 e6 6. Nbd2 Bc5 7. d4 Be7 8. g3 Nbd7 9. Bg2 h6 10. 0-0 0-0 11. Ne5 Nxe5 12. dxe5 Nd7 13. e4 dxe4 14. Nxe4 Nc5 15. Nxc5 Bxc5 16. Qf3 Qg5 17. h3 Rfd8 18. Bc1 Qe7 19. Be3 Rd3 20. Rfd1 Rad8 21. Bf1 Rxd1 22. Rxd1 Rxd1 23. Qxd1 Bxe3 24. fxe3 Qg5 25. Qf3 Bb1 26. Qf4 Bxa2 27. b4 Bb1 28. Kf2 Qxf4+ 29. exf4 b6 30. c5 Be4 31. Ke3 Bd5 32. Kd4 Kf8 33. Bd3 Ke7 34. Bc2 Kd7 35. Bd3 Ke7 36. Bc2 Kd7 37. Bd3 Ke7 1/2-1/2

[Event "Ruhrgebiet VK2 0910"]
[Site "Ruhrgebiet"]
[Date "2010.04.18"]
[Round "9.2"]
[White "Cavasin, Joerg"]
[Black "Kaiser, Thomas"]
[Result "1-0"]
[WhiteElo "1941"]
[BlackElo "2011"]
[PlyCount "133"]
[EventDate "2009.09.06"]
[EventType "team"]
[EventRounds "9"]
[EventCountry "GER"]
[SourceTitle "EXT 2011"]
[Source "ChessBase"]
[SourceDate "2010.11.26"]
[SourceVersion "1"]
[SourceVersionDate "2010.11.26"]
[SourceQuality "1"]
[WhiteTeam "Altenessen"]
[BlackTeam "Buer"]
[WhiteTeamCountry "GER"]
[BlackTeamCountry "GER"]

1. c4 e5 2. Nc3 Nf6 3. g3 Nc6 4. Bg2 Bb4 5. e3 0-0 6. Nge2 Ne7 7. Qb3 Bxc3 8. Nxc3 c6 9. 0-0 d5 10. d3 Rb8 11. e4 d4 12. Ne2 Ng6 13. f4 Bg4 14. Qc2 Nd7 15. f5 Bxe2 16. Qxe2 Nh8 17. Qh5 f6 18. g4 Qe8 19. Qh4 h6 20. Rf3 Kf7 21. Qe1 Ke7 22. Qa5 Ra8 23. Qb4+ c5 24. Qxb7 Qb8 25. Qa6 Qd6 26. Qxd6+ Kxd6 27. Rb1 a5 28. h4 Nf7 29. Rg3 Nd8 30. g5 hxg5 31. hxg5 Nc6 32. g6 a4 33. Bd2 Nb4 34. a3 Nc6 35. Bf3 Na5 36. Bxa5 Rxa5 37. Rh3 Raa8 38. Rh7 Rg8 39. Kf2 Rab8 40. Bd1 Ra8 41. Ke2 Nf8 42. Rh1 Nd7 43. Kd2 Nb6 44. Rh7 Nd7 45. Kc1 Nf8 46. Rh2 Nd7 47. b3 axb3 48. Rxb3 Rgb8 49. Rxb8 Rxb8 50. Rh7 Rg8 51. Ba4 Nf8 52. Rh1 Nd7 53. Bb5 Nb8 54. Kb2 Nc6 55. Ka2 Rb8 56. Rh7 Rg8 57. Rh2 Rb8 58. Bxc6 Kxc6 59. a4 Ra8 60. Ka3 Kb6 61. Rb2+ Kc7 62. Rb5 Kc6 63. a5 Ra6 64. Ka4 Ra7 65. Rb6+ Kd7 66. Kb5 Rc7 67. a6 1-0

[Event "Ruhrgebiet VK2 0910"]
[Site "Ruhrgebiet"]
[Date "2009.10.04"]
[Round "2.3"]
[White "Kaiser, Thomas"]
[Black "Bautz, Volker"]
[Result "1-0"]
[WhiteElo "2011"]
[BlackElo "1811"]
[PlyCount "107"]
[EventDate "2009.09.06"]
[EventType "team"]
[EventRounds "9"]
[EventCountry "GER"]
[SourceTitle "EXT 2011"]
[Source "ChessBase"]
[SourceDate "2010.11.26"]
[SourceVersion "1"]
[SourceVersionDate "2010.11.26"]
[SourceQuality "1"]
[WhiteTeam "Buer"]
[BlackTeam "Bochum SV II"]
[WhiteTeamCountry "GER"]
[BlackTeamCountry "GER"]

1. d4 c5 2. e3 Nf6 3. Nf3 g6 4. Bd3 Bg7 5. 0-0 0-0 6. c3 b6 7. e4 Bb7 8. Re1 d6 9. Nbd2 Nbd7 10. Nf1 Qc7 11. h3 c4 12. Bc2 e5 13. Bd2 Rfe8 14. Ng3 b5 15. d5 Re7 16. Qc1 Ne8 17. Bh6 f6 18. h4 Nf8 19. h5 Bc8 20. Nh4 Bxh6 21. Qxh6 g5 22. Nhf5 Rf7 23. Bd1 Nd7 24. Bg4 Nc5 25. Ne3 Bxg4 26. Nxg4 Nd3 27. Re2 Rb8 28. a3 a5 29. Nf5 Qd8 30. g3 Rbb7 31. Kh1 Qd7 32. Rg1 Nc5 33. f3 Kh8 34. Rf2 Rc7 35. Rgf1 Nd3 36. Re2 b4 37. axb4 axb4 38. Rg2 b3 39. Rd2 Ra7 40. Nge3 Qb5 41. Ng2 Nc5 42. Re2 Qd7 43. Kh2 Qd8 44. f4 Ng7 45. Nxg7 Rxg7 46. fxe5 fxe5 47. Ref2 Ra8 48. Rf8+ Qxf8 49. Rxf8+ Rxf8 50. Qxd6 Nd7 51. Kg1 Rc8 52. Ne3 Rf7 53. Nf5 Rcf8 54. Qc7 1-0

[Event "Ruhrgebiet VL2 0708"]
[Site "Germany"]
[Date "2007.10.21"]
[Round "2.1"]
[White "Kaiser, Thomas"]
[Black "Mallee, Ralph"]
[Result "1/2-1/2"]
[WhiteElo "2085"]
[BlackElo "2149"]
[PlyCount "114"]
[EventDate "2007.09.02"]
[EventType "team"]
[EventRounds "9"]
[EventCountry "GER"]
[SourceTitle "EXT 2009"]
[Source "ChessBase"]
[SourceDate "2008.11.26"]
[SourceVersion "1"]
[SourceVersionDate "2008.11.26"]
[SourceQuality "1"]
[WhiteTeam "Buer"]
[BlackTeam "Dortmund SV"]
[WhiteTeamCountry "GER"]
[BlackTeamCountry "GER"]

1. Nf3 d5 2. d4 Nf6 3. e3 Bf5 4. Bd3 Ne4 5. Nbd2 e6 6. 0-0 Nd7 7. Qe2 Bd6 8. Ne1 0-0 9. g3 c5 10. c3 Rc8 11. f3 Nxd2 12. Bxd2 Bxd3 13. Nxd3 Qb6 14. Be1 Rfe8 15. Bf2 Qa6 16. Rfe1 c4 17. Nf4 Qc6 18. e4 Bxf4 19. gxf4 Nf6 20. e5 Nh5 21. Qd2 b5 22. Kh1 b4 23. Rg1 g6 24. Bh4 Ng7 25. Bf6 Nf5 26. Rg2 h6 27. Rag1 Kh7 28. Rg4 Rg8 29. Qg2 Qe8 30. Qd2 bxc3 31. bxc3 Rb8 32. h4 h5 33. Rg5 Qf8 34. Qc2 Qa3 35. R1g2 Qf8 36. Qa4 Rb1+ 37. Rg1 Rxg1+ 38. Rxg1 Qb8 39. Qc2 Qc7 40. Rb1 Rb8 41. Rb2 Rxb2 42. Qxb2 Qb6 43. Qc1 a6 44. Kg2 Qa5 45. Qb2 Qb5 46. Qxb5 axb5 47. Kf2 Kg8 48. a3 Kf8 49. Ke2 Ke8 50. Kd2 Kd7 51. Ke2 Kc7 52. Kd2 Kb7 53. Ke2 Ka6 54. Bd8 b4 55. axb4 Kb5 56. Kd2 Ka4 57. Bg5 Ng3 1/2-1/2

[Event "Ruhrgebiet VL2 0405"]
[Site "Ruhrgebiet"]
[Date "2005.03.13"]
[Round "8.6"]
[White "Kaiser, Thomas"]
[Black "Grodotzki, Kenneth"]
[Result "1/2-1/2"]
[WhiteElo "1973"]
[BlackElo "1815"]
[PlyCount "35"]
[EventDate "2004.09.12"]
[EventType "team"]
[EventRounds "9"]
[EventCountry "GER"]
[SourceTitle "EXT 2006"]
[Source "ChessBase"]
[SourceDate "2005.11.24"]
[SourceVersion "1"]
[SourceVersionDate "2005.11.24"]
[SourceQuality "1"]
[WhiteTeam "Buer"]
[BlackTeam "Muelheim Nord III"]
[WhiteTeamCountry "GER"]
[BlackTeamCountry "GER"]

1. Nf3 d5 2. g3 Nf6 3. Bg2 Bf5 4. d3 h6 5. c4 e6 6. Qb3 b6 7. Nd4 Bg6 8. cxd5 exd5 9. Nc3 c6 10. 0-0 Bd6 11. e4 Be5 12. Nde2 Bxc3 13. Nxc3 d4 14. e5 Nfd7 15. Nb5 Nc5 16. Qa3 0-0 17. Nd6 f6 18. b4 1/2-1/2

[Event "Ruhrgebiet VL2 0405"]
[Site "Ruhrgebiet"]
[Date "2005.01.09"]
[Round "5.5"]
[White "Kaiser, Thomas"]
[Black "Hillebrand, Carsten"]
[Result "1-0"]
[WhiteElo "1973"]
[BlackElo "1946"]
[PlyCount "59"]
[EventDate "2004.09.12"]
[EventType "team"]
[EventRounds "9"]
[EventCountry "GER"]
[SourceTitle "EXT 2006"]
[Source "ChessBase"]
[SourceDate "2005.11.24"]
[SourceVersion "1"]
[SourceVersionDate "2005.11.24"]
[SourceQuality "1"]
[WhiteTeam "Buer"]
[BlackTeam "Dortmund FS 98"]
[WhiteTeamCountry "GER"]
[BlackTeamCountry "GER"]

1. Nf3 Nf6 2. g3 g6 3. Bg2 Bg7 4. c4 0-0 5. 0-0 c6 6. Nc3 d5 7. cxd5 cxd5 8. Qb3 e6 9. d4 Nc6 10. Bf4 Ne8 11. e3 Qe7 12. a3 b6 13. Rfc1 Bb7 14. Na2 h6 15. g4 g5 16. Bg3 Nf6 17. Qa4 Rfc8 18. h3 Bf8 19. Ne5 Nxe5 20. Bxe5 Ne8 21. Rxc8 Bxc8 22. Rc1 Bd7 23. Qa6 f6 24. Bg3 Qd8 25. Nb4 Nd6 26. Bxd6 Bxd6 27. Qb7 Qe8 28. Nxd5 exd5 29. Bxd5+ Kg7 30. Qxa8 1-0

[Event "Ruhrgebiet VL2 0405"]
[Site "Ruhrgebiet"]
[Date "2004.11.28"]
[Round "4.5"]
[White "Vierbuchen, Joachim"]
[Black "Kaiser, Thomas"]
[Result "0-1"]
[WhiteElo "1933"]
[BlackElo "1973"]
[PlyCount "58"]
[EventDate "2004.09.12"]
[EventType "team"]
[EventRounds "9"]
[EventCountry "GER"]
[SourceTitle "EXT 2006"]
[Source "ChessBase"]
[SourceDate "2005.11.24"]
[SourceVersion "1"]
[SourceVersionDate "2005.11.24"]
[SourceQuality "1"]
[WhiteTeam "Hamm 1911"]
[BlackTeam "Buer"]
[WhiteTeamCountry "GER"]
[BlackTeamCountry "GER"]

1. d4 b6 2. c4 Bb7 3. Nc3 f5 4. Bg5 h6 5. Bh4 g5 6. e4 Bg7 7. Bg3 fxe4 8. h4 gxh4 9. Qh5+ Kf8 10. Qf5+ Nf6 11. Rxh4 e6 12. Qh3 Nc6 13. 0-0-0 Ne7 14. Qh2 d6 15. Nh3 Ng6 16. Nf4 Kf7 17. Nxg6 Kxg6 18. Qh3 h5 19. Be2 Bh6+ 20. Kb1 Bg5 21. d5 exd5 22. cxd5 Bc8 23. Qh2 Bf5 24. Ka1 Qe7 25. Rh1 Bxh4 26. Bxh4 Qh7 27. Qg3+ Kf7 28. Qg5 Qg6 29. Bxh5 Nxh5 0-1

[Event "Ruhrgebiet VL2 0405"]
[Site "Ruhrgebiet"]
[Date "2004.10.10"]
[Round "2.6"]
[White "Kaiser, Thomas"]
[Black "Klempt, Guenter"]
[Result "1-0"]
[WhiteElo "1973"]
[BlackElo "1943"]
[PlyCount "59"]
[EventDate "2004.09.12"]
[EventType "team"]
[EventRounds "9"]
[EventCountry "GER"]
[SourceTitle "EXT 2006"]
[Source "ChessBase"]
[SourceDate "2005.11.24"]
[SourceVersion "1"]
[SourceVersionDate "2005.11.24"]
[SourceQuality "1"]
[WhiteTeam "Buer"]
[BlackTeam "Bochum Post"]
[WhiteTeamCountry "GER"]
[BlackTeamCountry "GER"]

1. e4 c5 2. Nc3 Nc6 3. g3 g6 4. Bg2 Bg7 5. Nge2 e6 6. h4 Nge7 7. Nf4 h5 8. g4 hxg4 9. Qxg4 Nd4 10. Qd1 Nec6 11. Nce2 Rxh4 12. Nh3 d6 13. c3 Nxe2 14. Qxe2 Bh6 15. d3 Bxc1 16. Rxc1 e5 17. Qd2 Be6 18. Ke2 Kd7 19. Ng5 Rxh1 20. Nxe6 Kxe6 21. Rxh1 Qf6 22. Qh6 b5 23. Rh3 b4 24. Rf3 Qh8 25. Qg5 f6 26. Qxg6 Rg8 27. Bh3+ Ke7 28. Qf5 Nd8 29. Qd7+ Kf8 30. Qxd8+ 1-0

[Event "Ruhrgebiet VK3 0304"]
[Site "Ruhrgebiet"]
[Date "2004.04.25"]
[Round "9.6"]
[White "Kaiser, Thomas"]
[Black "Hilbert, Sepp"]
[Result "1-0"]
[WhiteElo "1967"]
[BlackElo "1833"]
[PlyCount "83"]
[EventDate "2003.09.28"]
[EventType "team"]
[EventRounds "9"]
[EventCountry "GER"]
[SourceTitle "EXT 2007"]
[Source "ChessBase"]
[SourceDate "2006.11.23"]
[SourceVersion "1"]
[SourceVersionDate "2006.11.23"]
[SourceQuality "1"]
[WhiteTeam "Buer"]
[BlackTeam "Linden"]
[WhiteTeamCountry "GER"]
[BlackTeamCountry "GER"]

1. e4 c5 2. Nc3 Nc6 3. g3 d6 4. Bg2 g6 5. Nge2 Bg7 6. d3 Rb8 7. h4 h5 8. 0-0 b5 9. Nd5 e6 10. Ne3 Nh6 11. c3 Bb7 12. f4 f5 13. Qb3 Qc8 14. exf5 gxf5 15. Qxb5 0-0 16. Qa4 Rf7 17. Bd2 Nd8 18. Qc2 Bxg2 19. Nxg2 Qa6 20. b3 Ng4 21. Ne3 Rc7 22. Nxg4 hxg4 23. Rae1 d5 24. Nc1 Qb6 25. Kh2 c4 26. b4 cxd3 27. Nxd3 Bf8 28. Qb3 a5 29. a4 axb4 30. cxb4 Bd6 31. Be3 Qc6 32. Rc1 Qb7 33. Rxc7 Qxc7 34. Rc1 Qb7 35. b5 Rc8 36. Rxc8 Qxc8 37. Bd4 Qb8 38. Qc3 Qb7 39. Qc2 Qa8 40. Kg2 Nb7 41. Qc6 Qb8 42. Qd7 1-0

[Event "Ruhrgebiet VL2 0304"]
[Site "Ruhrgebiet"]
[Date "2003.09.28"]
[Round "1.1"]
[White "Pauling, Markus"]
[Black "Kaiser, Thomas"]
[Result "1-0"]
[WhiteElo "2099"]
[BlackElo "2250"]
[PlyCount "51"]
[EventDate "2003.09.28"]
[EventType "team"]
[EventRounds "9"]
[EventCountry "GER"]
[SourceTitle "EXT 2007"]
[Source "ChessBase"]
[SourceDate "2006.11.23"]
[SourceVersion "1"]
[SourceVersionDate "2006.11.23"]
[SourceQuality "1"]
[WhiteTeam "Mengede SG"]
[BlackTeam "Horst"]
[WhiteTeamCountry "GER"]
[BlackTeamCountry "GER"]

1. e4 c6 2. d4 d5 3. f3 e6 4. Nc3 Bb4 5. Nge2 f5 6. a3 Bd6 7. Be3 Ne7 8. e5 Bc7 9. Nf4 c5 10. Bb5+ Nbc6 11. Bxc6+ Nxc6 12. Nb5 Bb8 13. dxc5 Qa5+ 14. Nc3 Bxe5 15. Nfe2 0-0 16. f4 Bxc3+ 17. bxc3 Bd7 18. 0-0 Nb8 19. Rf3 Rd8 20. Rg3 Na6 21. Qd4 g6 22. Qf6 e5 23. fxe5 Rf8 24. Rxg6+ hxg6 25. Qxg6+ Kh8 26. e6 1-0

[Event "Ruhrgebiet VK3 0001"]
[Site "Ruhrgebiet"]
[Date "2001.02.11"]
[Round "6"]
[White "Hortolani, Sven Holger"]
[Black "Kaiser, Thomas"]
[Result "1-0"]
[WhiteElo "2005"]
[BlackElo "2231"]
[PlyCount "56"]
[EventDate "2000.09.17"]
[EventType "team-tourn"]
[EventRounds "9"]
[EventCountry "GER"]
[SourceTitle "EXT 2023"]
[Source "ChessBase"]
[SourceDate "2022.10.05"]
[SourceVersion "1"]
[SourceVersionDate "2022.10.05"]
[SourceQuality "1"]
[WhiteTeam "Muelheim Nord III"]
[BlackTeam "Horst Emscher"]
[WhiteTeamCountry "GER"]
[BlackTeamCountry "GER"]

1. d4 c6 2. Nc3 d5 3. Nf3 Nf6 4. Bf4 h6 5. e3 Nh5 6. Ne5 Nxf4 7. exf4 g6 8. Bd3 Qb6 9. Qd2 Qxb2 10. 0-0 Bg7 11. Rfe1 0-0 12. Rab1 Qa3 13. h4 b6 14. Re3 Qd6 15. Rbe1 c5 16. Nxd5 cxd4 17. Nxg6 fxg6 18. Nxe7+ Kh7 19. Rg3 Bf5 20. Nxg6 Bxg6 21. Rxg6 Qa3 22. Re7 Qxe7 23. Re6+ Kh8 24. Rxe7 Nc6 25. Rc7 Rac8 26. Rxc8 Rxc8 27. Qe2 Nb4 28. Bf5 Rf8 1-0

[Event "Essen op"]
[Site "Essen"]
[Date "1997.??.??"]
[Round "4"]
[White "Mainka, Romuald"]
[Black "Kaiser, Thomas"]
[Result "1-0"]
[WhiteElo "2480"]
[BlackElo "2285"]
[PlyCount "95"]
[EventDate "1997.??.??"]
[EventType "swiss"]
[EventRounds "9"]
[EventCountry "GER"]
[SourceTitle "EXT 1999"]
[Source "ChessBase"]
[SourceDate "1998.11.16"]
[SourceVersion "1"]
[SourceVersionDate "1998.11.16"]
[SourceQuality "1"]

1. e4 c6 2. d4 d5 3. e5 Bf5 4. Nf3 e6 5. Be2 Ne7 6. 0-0 h6 7. b3 c5 8. Be3 Nec6 9. c3 Nd7 10. a3 a6 11. Nbd2 cxd4 12. cxd4 b5 13. Re1 Be7 14. Nf1 Qb6 15. Ng3 Bg4 16. h3 Bxf3 17. Bxf3 Rc8 18. Ne2 Rc7 19. Qd3 Qb7 20. Bg4 Nb6 21. Nf4 Bf8 22. Nh5 Qc8 23. f4 g6 24. Nf6+ Ke7 25. Bf2 Kd8 26. Bf3 Be7 27. Ng4 h5 28. Ne3 h4 29. Qd2 Ke8 30. Nd1 Kf8 31. Nb2 Kg7 32. Nd3 Nd7 33. Rec1 Qb7 34. Be2 Qa7 35. Bf1 Qb6 36. b4 a5 37. Nc5 a4 38. Qd3 Na7 39. Rc3 Nb8 40. Rac1 Rc6 41. Be2 Rcc8 42. Kh2 Rc6 43. Qf3 Rcc8 44. Bd3 Rce8 45. Qg4 Rh5 46. Be3 Bd8 47. Rf1 Kh8 48. Bxg6 1-0

[Event "National op"]
[Site "Las Vegas"]
[Date "1996.??.??"]
[Round "?"]
[White "Gurevich, Dmitry"]
[Black "Kaiser, Thomas"]
[Result "1-0"]
[WhiteElo "2535"]
[BlackElo "2275"]
[PlyCount "67"]
[EventDate "1996.??.??"]
[EventType "swiss"]
[EventRounds "9"]
[EventCountry "USA"]
[SourceTitle "EXT 2001"]
[Source "ChessBase"]
[SourceDate "2000.11.22"]
[SourceVersion "1"]
[SourceVersionDate "2000.11.22"]
[SourceQuality "1"]

1. d4 c6 2. c4 d5 3. e3 Nf6 4. Nc3 e6 5. Nf3 Bd6 6. Qc2 b6 7. Bd3 Bb7 8. 0-0 0-0 9. e4 dxe4 10. Nxe4 Nxe4 11. Bxe4 f5 12. Bd3 c5 13. Qe2 cxd4 14. Qxe6+ Kh8 15. Bg5 Qc7 16. Nxd4 Na6 17. Nb5 Bxh2+ 18. Kh1 Qe5 19. Rae1 Qxe6 20. Rxe6 Nc5 21. Re7 Bb8 22. Bc2 Be4 23. Bxe4 Nxe4 24. Be3 Nd6 25. Bd4 Nf7 26. Rfe1 Kg8 27. Rb7 a6 28. Nc3 Bd6 29. Rxb6 Rfe8 30. Rxe8+ Rxe8 31. g3 a5 32. c5 Be5 33. Bxe5 Nxe5 34. c6 1-0